The compositionality of meaning and content (Record no. 37231)
[ view plain ]
| 000 -LEADER | |
|---|---|
| fixed length control field | 01361nam a2200349 a 4500 |
| 245 04 - TITLE STATEMENT | |
| Title | The compositionality of meaning and content |
| 260 ## - PUBLICATION, DISTRIBUTION, ETC. (IMPRINT) | |
| Place of publication | Frankfurt : |
| Name of publisher | Ontos Verlag, |
| Year of publication | 2005. |
| 300 ## - PHYSICAL DESCRIPTION | |
| Number of Pages | 309 p. : |
| Other physical details | ill. |
| 650 #0 - SUBJECT ADDED ENTRY--TOPICAL TERM | |
| Topical Term | Compositionality (Linguistics) |
| Topical Term | Cognition. |
| Topical Term | Meaning (Philosophy) |
| 700 1# - ADDED ENTRY--PERSONAL NAME | |
| Personal name | Werning, Markus. |
| Personal name | Machery, Edouard. |
| Personal name | Schurz, Gerhard, |
| 856 40 - ELECTRONIC LOCATION AND ACCESS | |
| Uniform Resource Identifier | http://site.ebrary.com/lib/rucke/Doc?id=10728592 |
No items available.
